MDQL
is popping MORE tags! Check the
thread
!
Quizzes
Events
Quiz Creation
Community
Videos
Private Events
Remove Ads
Sign In
Join for FREE
Feedback
Dark Mode
Quiz Categories
Sports
Geography
Music
Movies
Television
Just For Fun
Miscellaneous
History
Literature
Language
Science
Gaming
Entertainment
Religion
Holiday
For Kids
Quiz Lab
Recent
Popular Today
Quiz Kudos Today
Editor Picks
Curator Picks
Quizzes by...
Day
Popularity
Type
Ratings
Length
Year
Community
Subscriptions
Recent Discussions
Orange Saloon
Badges
Playlists
Quests
Create
Leaderboards
Showdown
Live 5
Trivia Bingo
Activity
Puzzle Library
Sporcle Events
Private Events
Virtual Trivia
Globe League
Become a Host
Pub Owners
SporcleCon
Opinionation
Our Games
Videos
Blog
Mobile Apps
Partnerships
Remove Ads and Go Orange
Feedback
Television
TV Characters
TV Show
Sitcom
Network
Friends
Reality Shows
Cast
South Park
Star Trek
The Simpsons
Doctor Who
Television
TV Characters
TV Show
Sitcom
Network
Friends
Reality Shows
Cast
South Park
Star Trek
The Simpsons
Doctor Who
Random Quiz
Search Sporcle
×
Quiz Lab
Quiz Lab
Television
Survivor
Type in answers that appear in a list
Type in answers that appear in a list
Classic
Best Score? Go Orange.
Survivor: Most immunity wins Stats
Can you name the person who won the most individual immunity challenges in each season of Survivor?
By
mattrd08
4m
38 Questions
2,562 Plays
2,562 Plays
2,562 Plays
Comments
Comments
Give Quiz Kudos
Give Quiz Kudos
-
- Ratings
hide this ad
More Info
Replay
Link that replays current quiz
Next Quiz
Link to next quiz in quiz playlist
You Got
0%
They Got
Avg Score
53%
Avg Friend Score
Upgrade to see
Score Distribution
Jump to the score distribution portion of the page
Score
0/38
Timer
04:00
0
Plays Today
Season
Contestant
% Correct
Redemption Island
Rob Mariano
95.6%
The Australian Outback
Colby Donaldson
94.3%
All-
Stars
Rob Mariano
91.4%
One World
Kim Spradlin
90.3%
Cagayan
Spencer Bledsoe; Tasha Fox
88.9%
Cook Islands
Ozzy Lusth
88.8%
Philippines
Malcolm Freberg; Michael Skupin; Carter Williams
87.7%
Caramoan
John Cochran
87.2%
Tocantins
James 'J.T.' Thomas
86.6%
Heroes vs. Villains
Parvati Shallow
84.8%
Palau
Tom Westman
84.7%
Worlds Apart
Mike Holloway
84.2%
Borneo
Kelly Wiglesworth
83.9%
China
Amanda Kimmel; Peih-Gee Law
82.2%
South Pacific
Sophie Clarke
82.1%
Game Changers
Brad Culpepper
81.2%
The Amazon
Jenna Morasca
80.5%
Blood vs. Water
Monica Culpepper
80.5%
Gabon
Bob Crowley
78.8%
Season
Contestant
% Correct
Africa
Lex van den Berghe
78.5%
Nicaragua
Judson 'Fabio' Birza
78.2%
Cambodia
Joe Anglim
77.1%
David vs. Goliath
Nick Wilson
77%
Exile Island
Terry Deitz
76.6%
Vanuatu
Chris Daugherty
76.3%
Thailand
Brian Heidik
76.1%
Kaoh Rong
Michele Fitzgerald
75.9%
Fans vs. Favorites
Erik Reichenbach
75.7%
Ghost Island
Domenick Abbate
74.2%
Marquesas
Tammy Leitner; Vecepia Towery; Kathy Vavrick-Obrien
74%
San Juan del Sur
Keith Nale
73.5%
Heroes vs. Healers vs. Hustlers
Chrissy Hofbeck
71.5%
Fiji
Kenward 'Boo' Bernis; Yau-Man Chan
70.2%
Millennials vs. Gen X
Ken McNickle
70.1%
Samoa
Brett Clouser
65.1%
Guatemala
Rafe Judkins
62.2%
Pearl Islands
Darrah Johnson
59.4%
Edge of Extinction
Rick Devens
23.6%
Quiz Playlist
Details
Report
Send in Message
Add To Playlist
More Info:
There are several seasons where multiple people tied for the most immunity wins. For those seasons you only have to guess one of the names.
Classic:
Type in answers that appear in a list
Last Updated: Sep 26, 2018
Quiz Scoreboard
CHALLENGE
Sign Up to Join the Scoreboard
Show All
Scores
Hide
Comments
May contain spoilers
Recently Published
Street Fighter Characters
by Artimus82
Gaming
60s
9x9 Crossword: Cartoon Network
by jackfrog10
Miscellaneous
3m
College Basketball Coaching Resumes
by pancakes188
Sports
9m
More to Explore
Quiz From the Vault
Featured Blog Post
Where Did the Easter Bunny Come From?
hide this ad
You Might Also Like...
Tags
Survivor
Survivor Castaways
Today's Top Quizzes in Television
Browse Television
hide this ad
Today's Top Quizzes in Survivor
Browse Survivor
Top Contributed Quizzes in Television
1
5-to-1: The Simpsons Families
2
Adjectives in 80s TV Shows
3
Adjectives in 00s TV Shows
4
Survivor Journey Challenge
5
5-to-1: Television Doctors
6
7-to-1: TV Show Settings
7
Adjectives in 10s TV Shows
8
5-to-1: Streaming Originals
9
Survivor Seasons
10
Adjectives in 70s TV Shows
Explore More
Trending Topics
Crossword
Harry Potter
Kpop
Anime
NBA
Marvel
Disney
Country
Soccer
The Office
Puzzle
Pokémon
NFL
Song
WWE
hide this ad
More By:
mattrd08
Quiz
Plays
Rating
Category
Featured
Created
Name the Video Game
351,464
4.10
Gaming
Jul 1, 2009
High School Movies
206,138
4.03
Movies
May 12, 2009
Final Fantasy VII Party Members
69,688
3.43
Gaming
May 15, 2009
Survivor Most Confessionals
2,641
5.00
Television
Jan 26, 2013
Survivor: Most immunity wins
2,562
3.00
Television
Apr 24, 2011
Go to Creator's Profile
Score Distribution
Quiz Creator Spotlight
mattrd08
Follow
Send a Message
Quizzes Created
-
Created Quiz Play Count
-
More By This Creator
Popular Quizzes Today
1
Find the US States - No Outlines Minefield
2
Find the Countries of Europe - No Outlines Minefield
3
The Countries of the World
4
Find the US States
5
Risky Map Clicking: Biggest States A-Z
6
US States
7
Popular People in 1961
8
Movies - When Are They Set?
More Television Quizzes
TV Show & Character Match II
Published
Trending Quizzes
Risky Map Clicking: Least Populous States A-Z
Countries of the World: 200 Million BC
1-10 Letter G Words
Risky Map Clicking: Next State Alphabetically
Adjectives in 80s TV Shows
Recently Updated
Leaping Animals
pecheneg
Reality TV Shows (A-Z)
bhenderson79
Rickey Henderson's Hall of Fame Teammates
pecheneg
Champions League XIs: Arsenal
pecheneg
Quick Pick: Celebrities in WWE's Hall of Fame
aduchscher
A-Z Keypad Blitz II
pecheneg
Multiple Oscar Actors
pecheneg
Mystery Phrase Blitz: Oscar 'Best Actors'
pecheneg
F. Scott Fitzgerald Novels
LTH
Pick 3 Villains
ddd62291
Trending Topics
Marvel
Disney
Anime
NBA
Crossword
Kpop
Harry Potter
Soccer
WWE
Puzzle
Song
Country
NFL
Pokémon
The Office
Your Account Isn't Verified!
In order to create a playlist on Sporcle, you need to verify the email address you used during registration. Go to your
Sporcle Settings
to finish the process.
Report this User
Report this user for behavior that violates our
Community Guidelines
.
Details:
Send Report
Go to the Sporcle.com Mobile Site →
Comments